Normal view
MARC view
Entry Personal Name
001 - CONTROL NUMBER
- control field: 248091
003 - CONTROL NUMBER IDENTIFIER
- control field: OSt
005 - DATE AND TIME OF LATEST TRANSACTION
- control field: 20251206101046.0
008 - FIXED-LENGTH DATA ELEMENTS
- fixed length control field: 251206|| aca||aabn | a|a d
040 ## - CATALOGING SOURCE
- Original cataloging agency: OSt
- Transcribing agency: OSt
100 ## - HEADING--PERSONAL NAME
- Personal name: BHADRAVATI RAMACHARI
- Dates associated with a name: ಭದ್ರಾವತಿ ರಾಮಾಚಾರಿ
670 ## - SOURCE DATA FOUND
- Source citation: Work cat.: (OSt)211792: BHADRAVATI RAMACHARI ಭದ್ರಾವತಿ ರಾಮಾಚಾರಿ, S P Balasubrahmanyam, 2021